Pink Floyd's "The Wall" track list - Statistics

General Stats
  • This quiz has been taken 56 times
  • The average score is 22 of 26
Answer Stats
Answer % Correct
In the flesh?
100%
In The Flesh
100%
Another Brick In The Wall (Part 1)
95%
Comfortably Numb
95%
Mother
95%
Another Brick In The Wall (Part 2)
92%
Another Brick In The Wall (Part 3)
90%
Hey You
90%
The Thin Ice
90%
Goodbye Blue Sky
85%
Outside The Wall
85%
The Happiest Days Of Our Lives
85%
The Trial
85%
Is There Anybody Out There?
82%
Nobody Home
82%
Young Lust
82%
Bring The Boys Back Home
79%
Goodbye Cruel World
79%
Run Like Hell
79%
Vera
79%
Waiting For The Worms
77%
One Of My Turns
74%
Stop
74%
Don't Leave Me Now
72%
Empty Spaces
69%
The Show Must Go On
67%
No matching quizzes found
Score Distribution
Percent of People with Each Score
Percentile by Number Answered
Your Score History
You have not taken this quiz